000 01038nam2a22002891 4500
001 v19\rc\1457007
005 20250618124305.0
035 _a(NLR Aleph) 004568582
090 _a2371232
_c2371232
100 _a20060620d1901 |||y0rusy50 ca
101 0 _arus
102 _aRU
105 _aa z |||||
200 0 _aза 1900 год
210 _d1901
_aБ. м.
215 _a28 с., 1 табл.
461 0 _1001v19\rc\1456979
_12001#$aОтчет Сибирского торгового банка ...$vза 1900 год
_92370872
_aСибирский торговый банк (Петербург)
_cПетроград
_d1874-1917
_tОтчет Сибирского торгового банка ...
_vза 1900 год
801 0 _aRU
_bNLR
_gpsbo
801 0 _aRU
_bRuMoRGB
_2psbo
801 1 _aRU
_bProSoft-M
_2rusmarc
852 _aNLR
_j18.184.1.53
899 _aRuMoRGB (1872-1916*)
_jK 6/186
899 _aRuMoRGB (1872-1916*)
_jU 461/28
899 _aБАН (1875-1904*)
899 _aГПИБ (1872-1916*)
942 _cBOOK
980 _aNB